000 00683nam a2200289Ia 4500
005 20260324130824.0
008 008 260324s9999 xx 000 0 eng d
020 _a9780203947074
037 _aEBOOK
040 _aCRL
040 _beng
040 _cCRL
041 _2eng
041 _aeng
084 _qCRL
100 _aSimon O'Meara
_91183216
245 0 _aSpace and Muslim Urban Life
245 0 _bAt the Limits of the Labyrinth of Fez
260 _bTaylor and Francis
260 _c2007
365 _a
365 _b240
856 _uhttp://www.taylorfrancis.com/books/9780203947074
942 _cEBOOK
999 _c1779756
_d1779756